Falsafah, matlamat dan keperluan

Bibliographic Details
Corporate Author: Persidangan Perubatan Islam (2d
Format: Book
Published: Kuala Lumpur : Persatuan siswa/i Islam Perubatan, Universiti Malaya , 1986.
Subjects:

MARC

LEADER 00000cam a2200000 7i4500
001 0000005209
005 20070912093000.0
008 021118n
090 0 0 |a R106   |b .P4 
110 0 |a Persidangan Perubatan Islam (2d   |k 1986,   |j Kuala Lumpur 
245 0 0 |a Falsafah, matlamat dan keperluan   |c anjuran Persatuan Siswa/i Islam Perubatan, Universiti Malaya 
260 2 |a Kuala Lumpur :   |b Persatuan siswa/i Islam Perubatan, Universiti Malaya ,   |c 1986. 
300 |a 59 ms. ; ;   |c 30 sm. 
650 0 |a Medicine   |x Religious aspects   |x Islam   |v Congresses 
999 |a 1000049693   |b Seminar Papers   |c Reference   |e Gong Badak Campus